[Event "World Youth Girl U14 2016"]
[Site "Khanty-Mansiysk RUS"]
[Date "2016.09.29"]
[Round "7.7"]
[White "Goltseva, Ekaterina"]
[Black "Vinokur, Yuliya"]
[Result "1-0"]
[WhiteTitle "WFM"]
[WhiteElo "2212"]
[BlackElo "1956"]
[WhiteFideId "24173770"]
[BlackFideId "34127515"]
[EventDate "2016.09.22"]

1. Nf3 g6 2. g3 Bg7 3. Bg2 d6 4. d4 Nd7 5. O-O e5 6. e4 Ngf6 7. Re1 O-O 8. c4 c6
9. Nc3 Qc7 10. h3 Re8 11. Be3 b6 12. Rc1 Bb7 13. Qc2 Rad8 14. dxe5 dxe5 15. c5
b5 16. b4 Nf8 17. Rcd1 Ne6 18. Re2 Rxd1+ 19. Qxd1 Rd8 20. Rd2 Rxd2 21. Qxd2 Nd7
22. Ne2 a5 23. a3 axb4 24. axb4 Bc8 25. Nc1 Qa7 26. Nb3 Bf8 27. Na5 Qc7 28. Ne1
Nd8 29. f4 f6 30. Nd3 Nf7 31. Qa2 Nb8 32. Kh2 Qe7 33. Qb2 Bg7 34. Qd2 Qc7 35.
Nf2 Qd7 36. Bf3 Kf8 37. Qc2 Qc7 38. Nd3 Kg8 39. Bg2 Qe7 40. Bd2 Qc7 41. Bc3 Bh6
42. Qf2 Qd7 43. Bf1 Qc7 44. Be2 Qe7 45. fxe5 fxe5 46. h4 Qe6 47. Bd1 Qh3+ 48.
Kg1 Bg7 49. Qf3 h6 50. Bb3 Qd7 51. Nxe5 Bxe5 52. Bxe5 Na6 53. Qf6 1-0

[Event "World Youth Girl U14 2016"]
[Site "Khanty-Mansiysk RUS"]
[Date "2016.09.29"]
[Round "7.8"]
[White "Urh, Zala"]
[Black "Zahedifar, Anahita"]
[Result "1-0"]
[WhiteTitle "WFM"]
[BlackTitle "WFM"]
[WhiteElo "1939"]
[BlackElo "2081"]
[WhiteFideId "14611481"]
[BlackFideId "12560715"]
[EventDate "2016.09.22"]

1. e4 c6 2. d4 d5 3. Nc3 dxe4 4. Nxe4 Bf5 5. Nc5 Qc7 6. Bd3 Bxd3 7. Nxd3 Nd7 8.
Nf3 O-O-O 9. Ng5 Nh6 10. Qf3 e5 11. O-O Bd6 12. dxe5 Nxe5 13. Nxe5 Bxe5 14. h3
Rd6 15. Bf4 Rf6 16. Bxe5 Qxe5 17. Qe3 Qf5 18. Rad1 Rg6 19. Ne4 Kb8 20. Nd6 Qe6
21. Qf4 Ka8 22. Rd3 Qe7 23. Rfd1 Rf6 24. Qe4 Re6 25. Qb4 b6 26. c4 Re8 27. Qa4
Re1+ 28. Rxe1 Qxe1+ 29. Kh2 Qe5+ 30. g3 Qc5 31. Rd2 Rb8 32. b4 b5 33. cxb5 Qc1
34. Qa6 cxb5 35. Nxb5 Rxb5 36. Rd7 Kb8 37. Rd8+ 1-0

[Event "World Youth Girl U14 2016"]
[Site "Khanty-Mansiysk RUS"]
[Date "2016.09.29"]
[Round "7.9"]
[White "Aciu, Malina-Andreea"]
[Black "Beydullayeva, Govhar"]
[Result "0-1"]
[BlackTitle "WCM"]
[WhiteElo "1876"]
[BlackElo "1994"]
[WhiteFideId "1240323"]
[BlackFideId "13413015"]
[EventDate "2016.09.22"]

1. e4 e6 2. d4 d5 3. Nd2 Nf6 4. e5 Nfd7 5. f4 c5 6. Ngf3 cxd4 7. Nxd4 Nxe5 8.
Nxe6 Bxe6 9. fxe5 Qb6 10. Nb3 Qb4+ 11. Qd2 Qe4+ 12. Qe2 Qxe2+ 13. Bxe2 Nc6 14.
Bf4 h6 15. O-O-O O-O-O 16. Rhe1 g5 17. Bg3 h5 18. h3 Kb8 19. c3 Bg7 20. Bb5 Rc8
21. Nc5 Rhd8 22. Kb1 Ne7 23. Nb3 a6 24. Bd3 Ka8 25. Nd4 Rf8 26. Rd2 Nc6 27. Rf2
Nxd4 28. cxd4 Rc6 29. Ref1 h4 30. Bh2 Rfc8 31. Bg1 Bh6 32. Rf6 Bg7 33. R6f3 g4
34. hxg4 Bh6 35. g5 Bxg5 36. Be3 Bxe3 37. Rxe3 Rg8 38. Re2 Rg4 39. Bc2 Rxd4 40.
Rf6 Rc8 41. Ref2 Ka7 42. b3 Re8 43. Kb2 Rg4 44. Bf5 Rg5 45. Kc3 Bxf5 46. R6xf5
Rxe5 47. Rxf7 Rg4 48. Rd7 Re3+ 49. Kd2 Reg3 50. Rxd5 Rxg2 51. Ke3 R4g3+ 52. Ke2
h3 53. Rh5 Rxf2+ 54. Kxf2 Rg2+ 55. Kf3 Rxa2 56. Rxh3 Rd2 57. Ke3 Rd6 58. Rh5 Rb6
59. Kd4 Rxb3 60. Kc4 Rg3 61. Kb4 Rg4+ 62. Kc5 b6+ 63. Kd5 a5 64. Kc6 Ka6 65. Rh6
Rc4+ 66. Kd5 Rc5+ 67. Kd4 Rc8 68. Rh5 a4 69. Rh3 Ka5 70. Rh1 a3 71. Ra1 Ka4 72.
Kd3 b5 73. Kd2 b4 74. Rh1 a2 75. Kd3 Ka3 76. Ra1 Kb2 0-1

[Event "World Youth Girl U14 2016"]
[Site "Khanty-Mansiysk RUS"]
[Date "2016.09.29"]
[Round "7.10"]
[White "Dongo, Melanie"]
[Black "Voskresenskaya, Marta"]
[Result "1/2-1/2"]
[WhiteElo "1981"]
[BlackElo "1835"]
[WhiteFideId "3813444"]
[BlackFideId "34127795"]
[EventDate "2016.09.22"]

1. e4 c5 2. Nf3 d6 3. d4 cxd4 4. Nxd4 Nf6 5. Nc3 Nc6 6. Be3 e5 7. Nb3 Be7 8. f3
a5 9. Bb5 O-O 10. O-O Be6 11. Qe2 Na7 12. Ba4 Qc7 13. Qf2 Nc8 14. Rfd1 Rd8 15.
Nd2 d5 16. exd5 Nxd5 17. Nxd5 Bxd5 18. Ne4 h6 19. Rac1 Rb8 20. c4 Bxe4 21. fxe4
Rxd1+ 22. Rxd1 Nd6 23. Bb6 Qc8 24. Qc5 Qe6 25. Qd5 Nxc4 26. Qxe6 fxe6 27. Bf2
Nxb2 28. Rd7 Nxa4 29. Rxe7 Nc3 30. Rxe6 Nxe4 31. Rxe5 Nxf2 32. Kxf2 b5 33. Ke3
a4 34. Kd3 b4 35. Re1 Kf7 36. Rb1 b3 37. axb3 axb3 38. Kc3 Kf6 39. Rxb3 Rxb3+
40. Kxb3 Ke5 41. Kc3 Ke4 42. Kd2 h5 43. Ke2 g5 44. Kd2 h4 45. Ke2 Kf4 46. Kf2 1/2-1/2

[Event "World Youth Girl U14 2016"]
[Site "Khanty-Mansiysk RUS"]
[Date "2016.09.29"]
[Round "7.11"]
[White "Grigorieva, Yulia"]
[Black "Schulze, Lara"]
[Result "1-0"]
[BlackTitle "WFM"]
[WhiteElo "1923"]
[BlackElo "2034"]
[WhiteFideId "34104868"]
[BlackFideId "12956830"]
[EventDate "2016.09.22"]

1. d4 Nf6 2. c4 e6 3. Nf3 d5 4. cxd5 exd5 5. Bg5 Be7 6. Nc3 c6 7. Qc2 O-O 8. e3
Nbd7 9. Bd3 Re8 10. O-O a5 11. Bf4 Nf8 12. Ne5 Nh5 13. Bg3 Nxg3 14. hxg3 Bf6 15.
f4 g6 16. Qf2 Bg7 17. Rae1 f6 18. Nf3 f5 19. Ne5 h5 20. Bc2 Bxe5 21. fxe5 Ne6
22. Bb3 Rf8 23. a3 Kg7 24. Ba2 b6 25. Rc1 Ba6 26. Rfd1 Rh8 27. Ne2 Bxe2 28. Qxe2
a4 29. Bb1 Rc8 30. Rf1 Qg5 31. Qf3 Qg4 32. Ba2 Rc7 33. Rc2 Rhc8 34. Rfc1 Kf7 35.
Kf2 Ke7 36. Qxg4 hxg4 37. Rh1 Ng5 38. Rh6 Rg8 39. Bxd5 Rgc8 40. Ba2 Ne4+ 41. Ke1
Nxg3 42. Rxg6 Rh8 43. Rg7+ Kd8 44. Rxc7 Kxc7 45. Bd5 Rh1+ 46. Kf2 Ne4+ 47. Bxe4
fxe4 48. Kg3 Re1 49. Kf4 g3 50. Kxg3 Rxe3+ 51. Kf4 Re1 52. g4 e3 53. Kf3 Kd7 54.
Re2 Rg1 55. Rxe3 Rd1 56. Ke4 Rg1 57. Kf5 Rf1+ 58. Kg6 Rf4 59. g5 Rxd4 60. Kg7
Rd2 61. g6 Rxb2 62. Kf7 Rf2+ 63. Kg8 Ke6 64. g7 Rh2 65. Rg3 Ke7 66. Rg6 c5 67.
Rxb6 c4 68. Rb4 c3 69. Rxa4 c2 70. Rc4 Ke6 71. Rc5 Re2 72. a4 Rd2 73. a5 Rd5 74.
Rxc2 Rxa5 75. Kh8 1-0

[Event "World Youth Girl U14 2016"]
[Site "Khanty-Mansiysk RUS"]
[Date "2016.09.29"]
[Round "7.12"]
[White "Gomez Barrera, Javiera Belen"]
[Black "Ulziikhishigjargal, Ochirkhuyag"]
[Result "0-1"]
[WhiteTitle "WFM"]
[WhiteElo "2027"]
[BlackElo "1888"]
[WhiteFideId "3418723"]
[BlackFideId "4903188"]
[EventDate "2016.09.22"]

1. e4 e5 2. Nf3 Nc6 3. Bb5 Nf6 4. Qe2 Bc5 5. c3 Qe7 6. d3 a6 7. Ba4 Ba7 8. O-O
O-O 9. Rd1 d6 10. Nbd2 Ng4 11. Rf1 h6 12. h3 Nf6 13. Rd1 Nh5 14. Nf1 Qf6 15.
N3h2 Nf4 16. Qf3 g5 17. Be3 Qg6 18. Bxa7 Rxa7 19. Bxc6 bxc6 20. Ne3 h5 21. d4 f6
22. d5 cxd5 23. Nxd5 Nxd5 24. exd5 f5 25. Qd3 Rb7 26. b4 e4 27. Qd4 f4 28. Re1
Bf5 29. Qd2 Kh7 30. Qe2 g4 31. hxg4 hxg4 32. g3 f3 33. Qxa6 Qh5 34. Nf1 Kg6 35.
Nh2 Rh8 0-1

[Event "World Youth Girl U14 2016"]
[Site "Khanty-Mansiysk RUS"]
[Date "2016.09.29"]
[Round "7.13"]
[White "Sibajeva, Marija"]
[Black "Koroleva, Evgeniya"]
[Result "1/2-1/2"]
[WhiteTitle "WCM"]
[WhiteElo "1913"]
[BlackElo "1970"]
[WhiteFideId "12807583"]
[BlackFideId "34124010"]
[EventDate "2016.09.22"]

1. d4 d5 2. c4 dxc4 3. Nf3 Nf6 4. e3 e6 5. Bxc4 a6 6. O-O Nbd7 7. Nc3 b5 8. Bb3
Bb7 9. Qe2 c5 10. a3 Qc7 11. Rd1 Be7 12. d5 exd5 13. Nxd5 Nxd5 14. Bxd5 Nf6 15.
Bxb7 Qxb7 16. Bd2 O-O 17. Be1 Ne4 18. Ne5 Qc7 19. Nd3 Bd6 20. h3 Rfd8 21. Rac1
Rac8 22. f3 Nf6 23. e4 c4 24. Nb4 Be5 25. Bh4 Rxd1+ 26. Rxd1 c3 27. bxc3 Qxc3
28. Qd2 h6 29. Bxf6 Bxf6 30. Qd3 Qxd3 31. Rxd3 Rc1+ 32. Kf2 a5 33. Nd5 Bh4+ 34.
Ke3 Rc2 35. Rd2 Rc4 36. Rd3 Rc2 37. Rd2 Rc4 38. Rb2 Rc5 39. Kd3 Be1 40. Rc2 Rxc2
41. Kxc2 Kf8 42. Kd1 Bg3 43. Nc3 b4 44. axb4 axb4 45. Ne2 Bd6 46. Kc2 Ke7 47. f4
g5 48. g3 gxf4 49. gxf4 Kf6 50. e5+ Bxe5 51. fxe5+ Kxe5 52. Kd3 1/2-1/2

[Event "World Youth Girl U14 2016"]
[Site "Khanty-Mansiysk RUS"]
[Date "2016.09.29"]
[Round "7.14"]
[White "Palma, Maria"]
[Black "Mishra, Anwesha"]
[Result "1/2-1/2"]
[BlackTitle "WFM"]
[WhiteElo "1925"]
[BlackElo "1819"]
[WhiteFideId "898481"]
[BlackFideId "35002767"]
[EventDate "2016.09.22"]

1. Nf3 Nf6 2. c4 e6 3. g3 d5 4. Bg2 Be7 5. O-O O-O 6. d4 dxc4 7. Ne5 c5 8. dxc5
Qc7 9. Nxc4 Qxc5 10. b3 Rd8 11. Qc2 Nd5 12. Ba3 Nb4 13. Bxb4 Qxb4 14. Nc3 Nc6
15. e3 Na5 16. Nxa5 Qxa5 17. Rac1 Bd7 18. Qe4 Bc6 19. Qb1 Bxg2 20. Kxg2 Rd2 21.
Na4 Rad8 22. Rfd1 b5 23. Rxd2 Qxd2 24. Nb2 Qe2 25. Re1 Qh5 26. Qc2 Qc5 27. Qxc5
Bxc5 28. Rd1 Rxd1 29. Nxd1 Bb4 30. Kf3 Kf8 31. Ke2 Ke7 32. Kd3 Kd6 33. e4 1/2-1/2

[Event "World Youth Girl U14 2016"]
[Site "Khanty-Mansiysk RUS"]
[Date "2016.09.29"]
[Round "7.15"]
[White "Vanduyfhuys, Daria"]
[Black "Swiech, Joanna"]
[Result "0-1"]
[WhiteElo "1810"]
[BlackElo "1962"]
[WhiteFideId "246336"]
[BlackFideId "1183486"]
[EventDate "2016.09.22"]

1. e4 d5 2. exd5 Qxd5 3. Nc3 Qa5 4. d4 Nf6 5. Nf3 Bf5 6. Bc4 e6 7. Bd2 c6 8. Nd5
Qd8 9. Nxf6+ Qxf6 10. O-O Bd6 11. Qe2 Nd7 12. Rfe1 O-O 13. Bd3 Bxd3 14. Qxd3 h6
15. Bc3 Qe7 16. Rad1 Rfd8 17. Ba5 b6 18. Bd2 Nf6 19. c4 Rd7 20. Bc3 Qd8 21. Qc2
Rc8 22. Ne5 Rdc7 23. Kh1 Qf8 24. f4 b5 25. b3 a6 26. Qf2 Bb4 27. Bxb4 Qxb4 28.
f5 exf5 29. Qxf5 Rd8 30. Qf2 a5 31. h3 a4 32. Qg3 Rcc8 33. Rf1 Qd6 34. Qf4 Rc7
35. Rfe1 Re7 36. Qf3 Rc8 37. Qc3 Rce8 38. bxa4 bxa4 39. Nf3 Ne4 40. Qc2 Ng3+ 41.
Kg1 Rxe1+ 42. Nxe1 Re2 43. Qxa4 Qf4 44. Nf3 Qe3+ 45. Kh2 Qf2 46. Rg1 Qxf3 0-1

[Event "World Youth Girl U14 2016"]
[Site "Khanty-Mansiysk RUS"]
[Date "2016.09.29"]
[Round "7.16"]
[White "Filippova, Darya"]
[Black "Sahin, Hayrun Nisa"]
[Result "1-0"]
[WhiteTitle "WFM"]
[WhiteElo "1888"]
[BlackElo "1725"]
[WhiteFideId "24173738"]
[BlackFideId "6380875"]
[EventDate "2016.09.22"]

1. d4 Nf6 2. c4 c5 3. d5 e6 4. Nc3 exd5 5. cxd5 d6 6. e4 g6 7. Nf3 Bg7 8. h3 O-O
9. Bd3 Re8 10. O-O a6 11. a4 Nbd7 12. Re1 Nh5 13. Bg5 Qc7 14. Qd2 b6 15. Nh2 Rb8
16. b3 Ne5 17. Be2 Nf6 18. f4 Ned7 19. Bd3 h6 20. Bh4 Nh5 21. Rac1 f6 22. Be2
Nxf4 23. Qxf4 g5 24. Qg4 Ne5 25. Qh5 Bd7 26. Bg3 Rf8 27. Bxe5 fxe5 28. Bxa6 Rf4
29. Qe2 Bxh3 30. gxh3 Qd7 31. Qg2 Rbf8 32. Rf1 Qf7 33. Ne2 Qg6 34. Nxf4 exf4 35.
Bd3 Bd4+ 36. Kh1 Qg7 37. e5 dxe5 38. Qe4 Rf6 39. Nf3 1-0

[Event "World Youth Girl U14 2016"]
[Site "Khanty-Mansiysk RUS"]
[Date "2016.09.29"]
[Round "7.18"]
[White "Grischenko, Kamila"]
[Black "Tomcikova, Dominika"]
[Result "1-0"]
[WhiteElo "1839"]
[BlackElo "1713"]
[WhiteFideId "14147491"]
[BlackFideId "14935554"]
[EventDate "2016.09.22"]

1. d4 Nf6 2. Nf3 d5 3. Bf4 c5 4. e3 Nc6 5. c3 Qb6 6. Qc1 Bf5 7. Nbd2 cxd4 8.
Nxd4 Nxd4 9. exd4 a6 10. Be2 Qe6 11. Nf3 Bd3 12. Qe3 Qxe3 13. Bxe3 Bxe2 14. Kxe2
e6 15. h3 Bd6 16. Rac1 b5 17. Ne5 Nd7 18. Nd3 Ke7 19. Rhe1 Rhc8 20. Kf1 Nb6 21.
Bg5+ f6 22. Bf4 g5 23. Bxd6+ Kxd6 24. Re2 Re8 25. Rce1 Nd7 26. Rd1 Rac8 27. a4
bxa4 28. Ra1 Rc4 29. Nb4 a5 30. Nc2 Nb6 31. Ne3 Rcc8 32. Rae1 Nc4 33. Ng4 f5 34.
Nh6 Kd7 35. Nf7 h6 36. Nxh6 Nd6 37. g4 fxg4 38. Nxg4 Rf8 39. Rxe6 Ne4 40. Ra6
Rf5 41. Kg2 Rb8 42. Rxa5 Rxb2 43. Rxe4 Rfxf2+ 44. Nxf2 dxe4 45. Kf1 e3 46. Nd3
Rh2 47. Ne5+ Kc7 48. Rxa4 e2+ 49. Ke1 Rxh3 50. Rc4+ Kb6 51. Kxe2 1-0

[Event "World Youth Girl U14 2016"]
[Site "Khanty-Mansiysk RUS"]
[Date "2016.09.29"]
[Round "7.19"]
[White "Makhija, Aashna"]
[Black "Mangalam, Shreya B"]
[Result "1/2-1/2"]
[WhiteElo "1830"]
[BlackElo "1739"]
[WhiteFideId "25011944"]
[BlackFideId "2085070"]
[EventDate "2016.09.22"]

1. e4 e5 2. Nf3 Nc6 3. Bc4 Bc5 4. O-O Nf6 5. d3 d6 6. c3 a6 7. a4 h6 8. Na3 O-O
9. Re1 Be6 10. Bxe6 fxe6 11. Nc4 Ng4 12. Ne3 Nxe3 13. Bxe3 Bxe3 14. Rxe3 Qf6 15.
d4 Rad8 16. a5 Rf7 17. Qd2 Rdf8 18. Ra4 Qg6 19. Qe2 Qh5 20. Nd2 Qg5 21. Rg3 Qf4
22. Rf3 Qg5 23. Rg3 Qf4 1/2-1/2

[Event "World Youth Girl U14 2016"]
[Site "Khanty-Mansiysk RUS"]
[Date "2016.09.29"]
[Round "7.20"]
[White "Akulova, Alicia"]
[Black "Nayberg, Simona"]
[Result "1-0"]
[WhiteElo "1563"]
[BlackElo "1807"]
[WhiteFideId "242861"]
[BlackFideId "2075180"]
[EventDate "2016.09.22"]

1. e4 Nf6 2. Nc3 d5 3. e5 d4 4. exf6 dxc3 5. fxg7 cxd2+ 6. Qxd2 Qxd2+ 7. Bxd2
Bxg7 8. O-O-O Bg4 9. f3 Be6 10. Ne2 Nc6 11. Bc3 Rg8 12. Bxg7 Rxg7 13. Nf4 Bd7
14. g4 O-O-O 15. Bd3 Ne5 16. Be4 f6 17. Bd5 c6 18. Ne6 Bxe6 19. Bxe6+ Kc7 20.
Rxd8 Kxd8 21. Rf1 Kc7 22. f4 Ng6 23. h3 b5 24. Kd2 a5 25. Ke3 Nf8 26. Bf5 e6 27.
Bd3 Nd7 28. c4 b4 29. b3 Kb6 30. Bc2 Kc5 31. Rg1 h6 32. h4 Nb6 33. g5 hxg5 34.
fxg5 Nd7 35. h5 Nf8 36. h6 Rxg5 37. Rxg5+ fxg5 38. h7 Nxh7 39. Bxh7 g4 40. Be4
e5 41. Bf5 g3 42. Be4 Kd6 43. Kf3 c5 44. Kxg3 Ke7 45. Bd5 1-0

[Event "World Youth Girl U14 2016"]
[Site "Khanty-Mansiysk RUS"]
[Date "2016.09.29"]
[Round "7.21"]
[White "Nomindalai, Tumurbaatar"]
[Black "Puppi Lazo, Stephanie Beatriz"]
[Result "1-0"]
[WhiteTitle "CM"]
[WhiteElo "1757"]
[BlackElo "1710"]
[WhiteFideId "4904095"]
[BlackFideId "3826104"]
[EventDate "2016.09.22"]

1. d4 Nf6 2. Bg5 c5 3. Bxf6 gxf6 4. d5 f5 5. c4 Bg7 6. Nc3 d6 7. e3 Nd7 8. Nf3
O-O 9. Bd3 e6 10. O-O Bxc3 11. bxc3 Nf6 12. Qc2 Kh8 13. Rfd1 Qe7 14. Nd2 Rg8 15.
Nf1 b6 16. a4 Bb7 17. Ng3 h5 18. Qe2 h4 19. Nh5 Rg5 20. Nf4 Rag8 21. g3 hxg3 22.
hxg3 exd5 23. cxd5 Nxd5 24. Nxd5 Bxd5 25. Bc4 Ba8 26. Kf1 Qe4 27. Ke1 d5 28. Bd3
Qe6 29. Kd2 Kg7 30. a5 c4 31. Bc2 b5 32. Rdb1 a6 33. Ke1 Rh8 34. Qd2 f6 35. Qd4
Qd7 36. Qf4 Rhh5 37. Ke2 Bb7 38. Qd4 Rg4 39. Qb6 Qe7 40. Rd1 Kf7 41. Rh1 Rgg5
42. Qd4 Kg7 43. Rh4 Rxh4 44. Qxh4 Rg4 45. Qh5 Rg5 46. Qh4 Rg4 47. Qh5 Rg5 48.
Qh3 d4 49. Bxf5 dxc3 50. Rd1 Bc6 51. f4 Rxf5 52. Qxf5 b4 53. Qg4+ Kf7 54. f5 c2
55. Qxc4+ Kf8 56. Qxc2 Bb5+ 57. Kf2 Kg7 58. Rc1 Kh6 59. Rh1+ Kg5 60. e4 Qa7+ 61.
Kf3 1-0

[Event "World Youth Girl U14 2016"]
[Site "Khanty-Mansiysk RUS"]
[Date "2016.09.29"]
[Round "7.22"]
[White "Barmagambetova, Sakypzhama"]
[Black "Alekseenko, Mariya"]
[Result "0-1"]
[WhiteElo "1744"]
[BlackElo "1643"]
[WhiteFideId "13723103"]
[BlackFideId "44172729"]
[EventDate "2016.09.22"]

1. d4 Nf6 2. c4 e6 3. Nc3 d5 4. Nf3 c6 5. Bg5 Be7 6. e3 O-O 7. Bd3 Nbd7 8. O-O
h6 9. Bh4 b6 10. Rc1 Bb7 11. h3 Rc8 12. cxd5 cxd5 13. Qa4 a6 14. b4 Ne4 15. Bxe7
Qxe7 16. Ne2 b5 17. Qa5 Nd6 18. Qa3 Nc4 19. Qb3 Ndb6 20. Nc3 Qd7 21. e4 Rfe8 22.
e5 Rc7 23. Ne2 Rec8 24. Bb1 Na4 25. Qd3 g6 26. Nh2 Qe7 27. Ng4 Kg7 28. Qg3 Nd2
29. Qf4 Qg5 30. Qxg5 hxg5 31. Rxc7 Rxc7 32. Rd1 Nxb1 33. Rxb1 Rc2 34. Nc1 Nc3
35. Ne3 Rxc1+ 0-1

[Event "World Youth Girl U14 2016"]
[Site "Khanty-Mansiysk RUS"]
[Date "2016.09.29"]
[Round "7.23"]
[White "Nestorovic, Katarina"]
[Black "Nasybullina, Dayana"]
[Result "1-0"]
[WhiteElo "2017"]
[BlackElo "1622"]
[WhiteFideId "954632"]
[BlackFideId "34127280"]
[EventDate "2016.09.22"]

1. e4 c5 2. Nf3 Nc6 3. b3 d6 4. d4 cxd4 5. Nxd4 Nf6 6. Nxc6 bxc6 7. Bd3 g6 8.
Bb2 Bg7 9. Nd2 O-O 10. c4 Nh5 11. Bxg7 Nxg7 12. O-O Ne6 13. f4 Qb6+ 14. Kh1 Nc5
15. Bc2 f5 16. exf5 Bxf5 17. Bxf5 Rxf5 18. Qe2 e5 19. fxe5 Rxe5 20. Qf3 Rf5 21.
Qg3 Re5 22. Rf6 Qc7 23. Raf1 Rae8 24. Qf4 Ne6 25. Qf3 Qd8 26. Qxc6 Rc5 27. Qf3
Rf8 28. Rxf8+ Qxf8 29. Qxf8+ Nxf8 30. Ne4 Ra5 31. a4 Ra6 32. Rf3 Nd7 33. Nf6+
Nxf6 34. Rxf6 Kg7 35. Rf3 Ra5 36. Kg1 d5 37. cxd5 Rxd5 38. Kf2 Rd2+ 39. Kf1 Rb2
40. h3 a5 41. Kg1 Kh6 42. Kh2 Kg5 43. Kg3 Kh6 44. h4 Rb1 45. Kf4 Rc1 46. Ke4 Rc7
47. Kd4 Rb7 48. Kc3 Kh5 49. Rf4 h6 50. b4 axb4+ 51. Rxb4 Re7 52. a5 Re3+ 53. Kb2
Re2+ 54. Ka3 Re1 55. Ka4 Ra1+ 56. Kb5 g5 57. hxg5 hxg5 58. a6 g4 59. Kb6 Rf1 60.
a7 Rf8 61. Ka6 Rf6+ 62. Rb6 Rf8 63. Rb8 Rf6+ 64. Kb5 1-0

[Event "World Youth Girl U14 2016"]
[Site "Khanty-Mansiysk RUS"]
[Date "2016.09.29"]
[Round "7.24"]
[White "Beshukova, Alina"]
[Black "Tharushi, T H D Niklesha"]
[Result "1/2-1/2"]
[WhiteElo "1820"]
[BlackElo "1584"]
[WhiteFideId "24164828"]
[BlackFideId "9918264"]
[EventDate "2016.09.22"]

1. c4 e5 2. e3 Nf6 3. a3 a5 4. b3 Bc5 5. Bb2 d6 6. Qc2 Nc6 7. d3 O-O 8. Nf3 Re8
9. Nc3 Bf5 10. Nd2 Qe7 11. Be2 e4 12. d4 Bxd4 13. Nd5 Nxd5 14. cxd5 Bxb2 15.
Qxb2 Ne5 16. Qd4 Qg5 17. g3 Nd3+ 18. Bxd3 exd3 19. O-O-O Qe7 20. Rhe1 Qe5 21.
Qxe5 Rxe5 22. e4 Rae8 23. f3 Bg6 24. Nc4 R5e7 25. g4 b6 26. Rxd3 f5 27. gxf5
Bxf5 28. Rde3 Bd7 29. f4 Bb5 30. a4 Bxc4 31. bxc4 Rf8 32. Rf1 Ref7 33. Ref3 Re8
34. Re1 1/2-1/2

[Event "World Youth Girl U14 2016"]
[Site "Khanty-Mansiysk RUS"]
[Date "2016.09.29"]
[Round "7.25"]
[White "Pandey, Ritika"]
[Black "Kvendseth, Thyra"]
[Result "1-0"]
[WhiteElo "1641"]
[BlackElo "1745"]
[WhiteFideId "30903670"]
[BlackFideId "1520628"]
[EventDate "2016.09.22"]

1. e4 e5 2. Nf3 Nc6 3. Bb5 a6 4. Ba4 Nf6 5. O-O Be7 6. Re1 b5 7. Bb3 d6 8. c3
O-O 9. h3 Na5 10. Bc2 c5 11. d4 exd4 12. cxd4 Qb6 13. e5 dxe5 14. dxe5 Rd8 15.
Qe2 Nd5 16. Bg5 f6 17. exf6 Bxf6 18. Qe4 g6 19. Nc3 Bb7 20. Bxf6 Qxf6 21. Nxd5
Bxd5 22. Qe5 Qc6 23. Be4 Bxe4 24. Qxe4 Re8 25. Qh4 Qd7 26. Rad1 Rxe1+ 27. Rxe1
Re8 28. Rxe8+ Qxe8 29. Qg5 Nb7 30. Ne5 Qe6 31. a3 Kg7 32. Qe3 Qd5 33. f4 Nd6 34.
Nd3 Ne4 35. Nf2 Nxf2 36. Kxf2 Kf6 37. Qe8 Qd2+ 38. Kg3 Qd3+ 39. Kh2 Qd6 40. Qe4
Qd4 41. Qf3 Qxb2 42. Qc6+ Kf5 43. Qxc5+ Kxf4 44. Qd6+ Ke3 45. Qxa6 Qe5+ 46. Kg1
Qa1+ 47. Kh2 Qe5+ 48. Kg1 Kd3 49. Qa5 Qd4+ 50. Kh1 Qc4 51. Qa7 h6 52. Qb6 Qc1+
53. Kh2 Qf4+ 54. Kh1 Qf5 55. Qd6+ Ke3 56. Qb6+ Kd3 57. Qd6+ Kc2 58. Qb4 Qf1+ 59.
Kh2 Qc4 60. Qd6 Qd3 61. Qb4 Qb3 62. Qd6 Qd3 63. Qb4 Qe2 64. Qd6 Qe8 65. Qb4 Qe5+
66. Kh1 g5 67. Qa5 Qc5 68. a4 Qf2 69. Qxb5 Qe1+ 70. Kh2 Qe4 71. Qc5+ Kb3 72. a5
Qf4+ 73. Kh1 Qf1+ 74. Qg1 Qc4 75. Qb1+ Ka4 76. a6 Qxa6 77. Qa1+ Kb5 78. Qxa6+
Kxa6 79. Kh2 Kb6 80. Kg3 h5 81. h4 Kc6 82. hxg5 Kd6 83. Kh4 Ke6 84. Kxh5 Kf7 85.
Kh6 Kf8 86. Kh7 Kf7 87. g6+ 1-0

[Event "World Youth Girl U14 2016"]
[Site "Khanty-Mansiysk RUS"]
[Date "2016.09.29"]
[Round "7.26"]
[White "Bellahcene, Meriem"]
[Black "Oberholzer, Imarie"]
[Result "1-0"]
[BlackTitle "WFM"]
[WhiteElo "1729"]
[BlackElo "1512"]
[WhiteFideId "20655347"]
[BlackFideId "14306506"]
[EventDate "2016.09.22"]

1. e4 c5 2. Nf3 d6 3. d4 cxd4 4. Qxd4 Nc6 5. Bb5 Bd7 6. Bxc6 Bxc6 7. Nc3 Nf6 8.
Bg5 g6 9. O-O-O Bg7 10. h3 O-O 11. Qe3 Qa5 12. Kb1 Qb4 13. a3 Qc5 14. Qxc5 dxc5
15. e5 Nd7 16. Rhe1 Bxf3 17. Rxd7 Bxg2 18. Rxe7 Rfe8 19. f4 Rxe7 20. Bxe7 Bf8
21. Bxf8 Kxf8 22. h4 Rd8 23. Nb5 a6 24. Nd6 b5 25. h5 Bc6 26. hxg6 hxg6 27. Re3
c4 28. Kc1 Kg7 29. Rh3 Bd7 30. Rh2 Be6 31. Kd2 a5 32. Ke3 b4 33. axb4 axb4 34.
c3 bxc3 35. bxc3 f6 36. Rd2 Rh8 37. Rf2 fxe5 38. fxe5 Rh5 39. Kd4 Rh4+ 40. Kc5
Rh3 41. Rf6 Bg8 42. Ne8+ Kh7 43. Rf8 Be6 44. Nd6 Bf5 45. Rf7+ Kh6 1-0

[Event "World Youth Girl U14 2016"]
[Site "Khanty-Mansiysk RUS"]
[Date "2016.09.29"]
[Round "7.27"]
[White "Plaza Reino, Mercedes"]
[Black "Smbatyan, Qristine"]
[Result "0-1"]
[WhiteElo "1665"]
[BlackElo "1506"]
[WhiteFideId "24511951"]
[BlackFideId "13308319"]
[EventDate "2016.09.22"]

1. c4 e5 2. Nc3 Nf6 3. g3 d5 4. cxd5 Nxd5 5. Bg2 Nb6 6. Nf3 Nc6 7. d3 Be7 8. O-O
O-O 9. a3 Be6 10. b4 f6 11. Bb2 a5 12. b5 Nd4 13. Nd2 Nd5 14. Nxd5 Bxd5 15.
Bxd5+ Qxd5 16. Bxd4 exd4 17. Qa4 Bc5 18. Rac1 Rfe8 19. Rfe1 Re7 20. Nb3 Bb6 21.
Rc4 Rd7 22. Rec1 Re8 23. Re1 f5 24. Rc2 f4 25. Nd2 fxg3 26. fxg3 Rf7 27. Qc4 Qh5
28. Nf3 Kh8 29. Rcc1 Rfe7 30. Rc2 Re3 31. Rf1 h6 32. Qa2 Qxb5 33. Kg2 Qd7 34.
Rf2 Qe7 35. Qd5 c6 36. Qb3 Ba7 37. Rb2 Bc5 38. Ra2 b5 39. Qc2 Qd6 40. Qb2 Qd5
41. Ra1 a4 42. Qc2 Bb6 43. Rb1 Ba5 44. Kg1 g5 45. Qd1 Bc3 46. Nd2 Bxd2 47. Qxd2
Qe6 48. Kf1 Qh3+ 49. Kg1 Qg4 50. Kf1 h5 51. Qc2 Qh3+ 52. Kg1 Qe6 53. Kf1 h4 54.
Qc5 Rxe2 55. Qxd4+ Qe5 56. Rxe2 Rf8+ 57. Ke1 Qxd4 58. Kd2 Rf3 59. Re8+ Kg7 60.
Re7+ Kf6 0-1